New Technologies in the Oil Fields bachelor thesis CD
Uložené v:
| Hlavný autor: | |
|---|---|
| Médium: | Program Kniha |
| Jazyk: | Slovak |
| Vydavateľské údaje: |
Bratislava
STU FCHPT
2013
|
| On-line prístup: | View in OPAC |
| Tagy: |
Žiadne tagy, Buďte prvý, kto otaguje tento záznam!
|
MARC
| LEADER | 00000nam a2200000 a 4500 | ||
|---|---|---|---|
| 005 | 20260127134205.0 | ||
| 007 | co ugu | ||
| 008 | 131212 2013 000 0 slo d | ||
| 035 | |a vtls010564972 | ||
| 039 | 9 | |y 201312121051 |z mschk03 | |
| 040 | |a STUSCHK1 |b slo |c STUSCHK1 |e AACR2 | ||
| 100 | 1 | |a Aljowaisri, Mashal Kh.S.O.A. | |
| 245 | 1 | |a New Technologies in the Oil Fields |b bachelor thesis CD |c Mashal Kh.S.O.A. Aljowaisri | |
| 260 | |a Bratislava |b STU FCHPT |c 2013 | ||
| 300 | |a 1 optický disk | ||
| 500 | |a Obhájené: 17.06.2013 | ||
| 500 | |a Study programme: Engineering of Chemical and Environmental Technologies | ||
| 500 | |a Study field: Chemical Technologies | ||
| 500 | |a Workplace: Department of Petroleum Technology and Petrochemistry | ||
| 500 | |a Reg. No.: FCHPT-13306-45241 | ||
| 910 | |a SCHK95 | ||
| 999 | |c 6252 |d 6252 | ||